| 000 | 00601nam a22002177a 4500 | ||
|---|---|---|---|
| 003 | LK-CoMWRAF | ||
| 005 | 20231017233528.0 | ||
| 008 | 231017b |||||||| |||| 00| 0 eng d | ||
| 020 | _a0340394137 | ||
| 040 |
_aLK-CoMWRAF _dLK-CoMWRAF _eLK-CoMWRAF |
||
| 041 | _aeng | ||
| 082 |
_a821.098 _bBEN |
||
| 100 | _aBenton, M. G. | ||
| 110 | _aBenton, P. | ||
| 245 |
_aTouchstones 1 : _bA teaching anthology |
||
| 260 |
_aToronto : _bHodder and stoughton _c1987 |
||
| 300 | _aviii,200p. : ill. ; 24cm. | ||
| 650 | _aEnglish poetry | ||
| 650 | _aPoetry in English 1500-1979 Anthologies; | ||
| 942 | _cBK | ||
| 999 |
_c3920 _d3920 |
||